| 000 | 00882cab a2200325 4500 | ||
|---|---|---|---|
| 001 | WB3113-32 | ||
| 008 | 090401t1995 xxu||||| |||| 00| 0 eng d | ||
| 035 | _a(Sirsi) u41145 | ||
| 041 | _aeng | ||
| 245 | _aPoland | ||
| 260 | _c1995 | ||
| 300 | _aLOAN | ||
| 350 | _a0 | ||
| 490 |
_aFinancial Times _v28 March 1995 (12) |
||
| 520 | _aA survey examining the economy and politics in Poland. Features include property, privatisation, agriculture, investment and foreign trade. | ||
| 650 | _aAGRICULTURE | ||
| 650 | _aCONSTRUCTION MARKET | ||
| 650 | _aECONOMIC SURVEY | ||
| 650 | _aECONOMY | ||
| 650 | _aFOREIGN POLICY | ||
| 650 | _aFOREIGN TRADE | ||
| 650 | _aINDUSTRIAL REGENERATION | ||
| 650 | _aINVESTMENT MARKET | ||
| 650 | _aPOLAND | ||
| 650 | _aPOLITICS | ||
| 650 | _aPRIVATISATION | ||
| 690 | _aOVERSEAS-EUROPE | ||
| 942 | _n0 | ||
| 948 | _c04/03/1997 | ||
| 999 |
_c26426 _d26426 |
||